| 000 | 01089cam a22002531 4500 | ||
|---|---|---|---|
| 001 | sa 68008306 | ||
| 003 | DLC | ||
| 005 | 20260227112531.0 | ||
| 008 | 830909s1965 ii b 000 0 eng | ||
| 010 | _asa 68008306 | ||
| 025 | _aPL480:I-E-6503 | ||
| 035 | _a(OCoLC)9891995 | ||
| 040 |
_aDLC _cDSI _dDLC |
||
| 042 | _apremarc | ||
| 050 | 0 | 0 |
_aQE509 _b.H9 |
| 110 | 1 |
_aHyderabad (India). _bGeophysics Research Board. |
|
| 245 | 1 | 0 |
_aUpper mantle project; _bprogress report of the Republic of India. _cCompiled and issued by the Secretariat of the Geophysics Research Board, National Geophysical Research Board, National Geophysical Research Institute, Council of Scientific & Industrial Research. |
| 260 |
_aHyderabad, _c1965. |
||
| 300 |
_aiv, 45 p. _c33 cm. |
||
| 500 | _aAt head of title: Geophysics Research Board. Indian National Committee for the International Union of Geodesy & Geophysics. | ||
| 504 | _aIncludes bibliographies. | ||
| 610 | 2 | 0 | _aInternational Upper Mantle Project. |
| 710 | 2 | _aIndian National Committee for the International Union of Geodesy and Geophysics. | |
| 999 |
_c82351 _d82351 |
||